Call the Midwife Series cast - Statistics

General Stats
  • This quiz has been taken 176 times
    156 since last reset
  • The average score is 9 of 44
Answer Stats
Hint Answer % Correct
Judy Parfitt Sister Monica Joan
85%
Jenny Agutter Sister Julienne
81%
Helen George Trixie Franklin
71%
Jessica Raine Jenny Lee
66%
Pam Ferris Sister Evangelina
63%
Cliff Parisi Fred Buckle
59%
Emerald Fennell Patsy Mount
44%
Annabelle apison Violet Buckle
38%
Max Macmillan Timothy Turner
36%
Miranda hart Chummy Noakes
34%
Linda Bassett Phyllis Crane
34%
Ella Bruccoleri Sister Frances
30%
Leonie Elliott Lucille Anderson
29%
Victoria Yeates Sister Winifred
29%
Charlotte Ritchie Barbara Gilbert
27%
Miriam Margoyles Mother Mildred
27%
Stephen McGann Dr Patrick Turner
25%
jack Ashton Tom Hereward
25%
Fenella Woolgar Sister Hilda
20%
Kate Lamb Delia Busby
19%
Harriet Walter Sister ursula
11%
George Rainsford Jimmy
9%
Laura Main Shelagh Turner/ Sister Bernadette
6%
Dorothy Atkinson Jane Sutton
4%
Amy McAllister Mary
4%
Bryony Hannah Cynthia Miller/ Sister Mary Cynthia
3%
Jennifer Kirby Nurse Valerie Dyer
3%
Daniel Laurie Reggie Jackson
3%
Liz White Rhoda Mullucks
3%
Leo Star Alec Jesmond
2%
Jack Hawkins Christopher Dockerill
2%
Maxine Evans Mrs Busby
1%
Georgie Glen Mrs Higgins
1%
Becci Gemmell Ruby Cottingham
1%
Lily-Rose Aslandogdu Belinda Mullucks
0%
Chris Reilly Bernie Mullucks
0%
Cassie Compton Francine Spencer
0%
Sophie Cosson Ingrid Mason
0%
Colin Young jacob Milligan
0%
Vanessa Redgrave Mature Jenny/ Mature Jennifer Worth
0%
Ben Caplan PC Peter Noakes
0%
Elizabeth Rider Peggy
0%
James McLelland Perry Mullucks
0%
Jemma Churchill Sister Ramsey
0%
No matching quizzes found
Score Distribution
Percent of People with Each Score
Percentile by Number Answered
Your Score History
You have not taken this quiz since the last reset